Miguel de Cervantes (Record no. 3976)
[ view plain ]
| 000 -CABECERA | |
|---|---|
| campo de control de longitud fija | 01086nam a2200253 a 4500 |
| 001 - NÚMERO DE CONTROL | |
| campo de control | BRCA_4265 |
| 005 - FECHA Y HORA DE LA ÚLTIMA TRANSACCIÓN | |
| campo de control | 20190320204615.0 |
| 008 - DATOS DE LONGITUD FIJA--INFORMACIÓN GENERAL | |
| campo de control de longitud fija | 150610s1895----enka######---#000-0#eng-# |
| 041 ## - CÓDIGO DE LENGUA | |
| Código de lengua del texto/banda sonora o título independiente | eng |
| 044 ## - CÓDIGO DEL PAÍS DE LA ENTIDAD EDITORA/PRODUCTORA | |
| Código MARC del país | enk |
| 050 #4 - SIGNATURA TOPOGRÁFICA DE LA BIBLIOTECA DEL CONGRESO | |
| Número de clasificación | PQ6337 |
| Número de documento/Ítem | .W38 1895 |
| 100 1# - ENTRADA PRINCIPAL--NOMBRE DE PERSONA | |
| Nombre de persona | Watts, Henry Edward |
| 9 (RLIN) | 10997 |
| 245 10 - MENCIÓN DE TÍTULO | |
| Título | Miguel de Cervantes |
| Resto del título | his life and works |
| Mención de responsabilidad, etc. | by Henry Edward Watts. |
| 260 ## - PUBLICACIÓN, DISTRIBUCIÓN, ETC. | |
| Lugar de publicación, distribución, etc. | Londres |
| Nombre del editor, distribuidor, etc. | Adam and Charles Black |
| Fecha de publicación, distribución, etc. | 1895 |
| 300 ## - DESCRIPCIÓN FÍSICA | |
| Extensión | xiii, 292 p. |
| Otras características físicas | il., 1 lámina |
| Dimensiones | 21 cm. |
| 500 ## - NOTA GENERAL | |
| Nota general | Nueva edición revisada y ampliada con una completa bibliografía e índice |
| 500 ## - NOTA GENERAL | |
| Nota general | Edición con cantos dorados |
| 500 ## - NOTA GENERAL | |
| Nota general | Incluye un árbol genealógico de Miguel de Cervantes Saavedra, una carta de Saavedra al arzobispo de Toledo, bibliografía de los trabajos realizados por Cervantes, investigación sobre la conducta de Cervantes en Argel y el memorial de sus servicios realizados |
| 500 ## - NOTA GENERAL | |
| Nota general | La biblioteca tiene 2 ejemplares con el mismo número de inventario |
| 501 ## - NOTA DE "CON" | |
| Nota de “Con” | AM78 |
| 600 14 - PUNTO DE ACCESO ADICIONAL DE MATERIA--NOMBRE DE PERSONA | |
| Nombre de persona | Cervantes Saavedra, Miguel de |
| Fechas asociadas al nombre | 1547-1616 |
| 9 (RLIN) | 213 |
| 902 ## - CATALOGADOR | |
| Iniciales | GFM |
| 942 ## - ELEMENTOS DE PUNTO DE ACCESO ADICIONAL (KOHA) | |
| Fuente del sistema de clasificación o colocación | Library of Congress Classification |
| Tipo de ítem Koha | Libros |
| Estado de retiro | Estado de pérdida | Estado dañado | No para préstamo | Localización permanente | Ubicación/localización actual | Fecha de adquisición | Total de préstamos | Signatura topográfica completa | Código de barras | Fecha visto por última vez | Precio válido a partir de | Tipo de ítem Koha |
|---|---|---|---|---|---|---|---|---|---|---|---|---|
| El ejemplar forma parte de la colección y puede ser consultado según las políticas vigentes. | Biblioteca del Museo Franz Mayer (Rogerio Casas-Alatriste) | Biblioteca del Museo Franz Mayer (Rogerio Casas-Alatriste) | 15/06/2010 | PQ6337 .W38 1895 | 4262 | 22/03/2019 | 22/03/2019 | Libros |